Responses for Show #6016 - Monday, November 8, 2010

2010-B College Championship quarterfinal game 1.

Contestants

[<< previous game]

Steve Greene, a senior from UCLA from Elk Grove, California

Olivia Colangelo, a junior from the University of Notre Dame from Murrysville, Pennsylvania

Sid Chandrasekhar, a senior from the University of Pennsylvania from Saratoga, California

[next game >>]

Jeopardy! Round responses

CIVIL WAR QUOTES
SHOWING YOU THE ANNE HATHAWAY
BOOKS & AUTHORS
CITY BY HOTELS
GAME GOALS
THE OLD COLLEGE "TRI"
    $200 26
Sherman

Steve
    $200 6
Brokeback Mountain

Olivia
    $200 1
(Sid: What is For Whom the Bell Tolls?)

A Farewell to Arms

SidSteve
    $200 11
Honolulu

Sid
    $200 21
Clue

Sid
    $200 16
a trimester

Sid
    $400 27
(Olivia: Who is Douglass?)

John Brown

SidOlivia
    $400 7
The Devil Wears Prada

Sid
    $400 2
(Pearl) Buck

Sid
    $400 12
London

Olivia
    $400 22
Battleship

Olivia
    $400 17
a triathlon

Sid
    $600 28
the Gettysburg Address

Steve
    $600 8
The Princess Diaries

Steve
    $600 3
The Kite Runner

Olivia
    $600 13
(Steve: What is Berlin?)
(Olivia: What is Munich?)

Vienna

SidOliviaSteve
    $600 23
Life

Sid
    $600 18
trilingual

Steve
    $2,000 29
Jefferson Davis

Steve
    $800 9
Kate Hudson

Sid
    $800 4
(Olivia: Who is Frey?)

Jonathan Franzen

OliviaSteve
    $800 14
Rio de Janeiro

Olivia
    $800 24
(Sid: What is Scrabble?)

Boggle

SidOlivia
    $800 19
a trident

Sid
    $1000 30
Clara Barton

Sid
    $1000 10
(Sid: What is Vicky Cristina Barcelona?)

Rachel Getting Married

SidOlivia
    $1000 5
(Marcel) Proust

Sid
    $1000 15
Kathmandu

Sid
    $1000 25
Jenga

Steve
    $1000 20
trigonometry

Sid

Scores at the first commercial break (after clue 15):

Sid Olivia Steve
$3,200 $1,600 $1,000

Scores at the end of the Jeopardy! Round:

Sid Olivia Steve
$7,000 $2,400 $5,400

Double Jeopardy! Round responses

ANCIENT PERSIA
POP CULTURE
HOW MANY FEET LONG?
(Alex: To the nearest foot.)
POETIC PLACES
IT'S ELEMENTAL, MY DEAR
FROM THE GREEK
    $400 11
Iran

Sid
    $400 1
Kourtney and Khloé

Olivia
    $400 26
1

Sid
    $400 16
Camelot

Sid
    $400 6
carbon

Steve
    $400 21
(Steve: What is auto?)
[Originally ruled correct; reversed before Final Jeopardy!, but because Alex should have asked Steve to be more specific ("My boo-boo"), he was not penalized.]

automatic

Triple Stumper
    $800 12
Aramaic

Triple Stumper
    $800 2
Guitar Hero

Triple Stumper
    $800 27
3

Sid
    $800 17
Boston

Sid
    $800 7
helium

Sid
    $800 22
the bishop

Sid
    $1200 13
Lebanon

Steve
    $1200 3
American Eagle

Olivia
    $1200 28
(Steve: What is 4?)
(Olivia: What is 2?)

6

OliviaSteve
Triple Stumper
    $1200 18
Where the Sidewalk Ends

Steve
    $1200 8
barium

Olivia
    $4,200 23
Apocalypse

Sid
    $1600 14
Darius the Great

Sid
    $1600 4
Nicholas Sparks

Olivia
    $1600 29
ninety

Sid
    $1600 19
The Waste Land

Steve
    $3,200 9
(Alex: The symbol K, yes.)

potassium

Olivia
    $1600 24
thesis

Steve
    $2000 15
the Indus

Sid
    $2000 5
The Color Purple

Steve
    $2000 30
5

Triple Stumper
    $2000 20
Xanadu

Steve
    $2000 10
selenium

Sid
    $2000 25
Micronesia, Melanesia & Polynesia

Sid

Scores at the end of the Double Jeopardy! Round:

Sid Olivia Steve
$24,800 $8,800 $14,200

Final Jeopardy! Round responses

AMERICAN BUSINESS
OliviaWhat is Heinz?
$6,200
SteveWhat is Heinz?
$5,800
SidWhat is Heinz?
$3,601
Heinz

Final scores:

Sid Olivia Steve
$28,401 $15,000 $20,000
Automatic semifinalist 3rd place: $5,000 if eliminated 2nd place: $5,000 if eliminated

Game dynamics:

Coryat scores:

Sid Olivia Steve
$21,800 $7,200 $13,000
28 R
(including 1 DD),
3 W
12 R
(including 1 DD),
4 W
15 R
(including 1 DD),
2 W

Combined Coryat: $42,000

[game clues] [game scores] [suggest correction]

Game tape date: 2010-10-18
The J! Archive is created by fans, for fans. Scraping, republication, monetization, and malicious use prohibited; this site may use cookies and collect identifying information. See terms. The Jeopardy! game show and all elements thereof, including but not limited to copyright and trademark thereto, are the property of Jeopardy Productions, Inc. and are protected under law. This website is not affiliated with, sponsored by, or operated by Jeopardy Productions, Inc. Join the discussion at JBoard.tv.